000 00408nam a2200169Ia 4500
008 151213s9999 xx 000 0 und d
020 _a85836-4655
100 _aPamula Sellman
245 _aLaw Of International Trade
_cPamula Sellman
250 _a3rd
260 _aLondon
_bOld Balley Press
_c2002
300 _a5812 p.
650 _aLaw
650 _aLaw
700 _aPamula Sellman
999 _c3390
_d3390